Community occupational surveys, (Record no. 21912)

MARC details
000 -LEADER
fixed length control field 01413cam a22002651 4500
001 - CONTROL NUMBER
control field e 43000016
003 - CONTROL NUMBER IDENTIFIER
control field DLC
005 - DATE AND TIME OF LATEST TRANSACTION
control field 20260227111231.0
008 - FIXED-LENGTH DATA ELEMENTS--GENERAL INFORMATION
fixed length control field 781122s1942 dcuak b f001 0 eng c
010 ## - LIBRARY OF CONGRESS CONTROL NUMBER
LC control number e 43000016
035 ## - SYSTEM CONTROL NUMBER
System control number (OCoLC)4394461
040 ## - CATALOGING SOURCE
Original cataloging agency U. S. Off. of educ. Library
Transcribing agency A
Modifying agency OCoLC
-- DLC
042 ## - AUTHENTICATION CODE
Authentication code premarc
050 00 - LIBRARY OF CONGRESS CALL NUMBER
Classification number LC1045
Item number .A25 no. 223
082 ## - DEWEY DECIMAL CLASSIFICATION NUMBER
Classification number 331.7
100 1# - MAIN ENTRY--PERSONAL NAME
Personal name Zapoleon, Marguerite (Wykoff)
Dates associated with a name 1907-
245 10 - TITLE STATEMENT
Title Community occupational surveys,
Statement of responsibility, etc. by Marguerite Wykoff Zapoleon, specialist, occupational information and guidance service. Federal security agency, Paul V. McNuff, administrator. U. S. Office of education, John W. Studebaker, commissioner.
260 ## - PUBLICATION, DISTRIBUTION, ETC.
Place of publication, distribution, etc. Washington,
Name of publisher, distributor, etc. U.S. Govt. print. off.,
Date of publication, distribution, etc. 1942.
300 ## - PHYSICAL DESCRIPTION
Extent viii, 199 p.
Other physical details incl. illus., tables, forms (2 fold.)
Dimensions 23 cm.
490 0# - SERIES STATEMENT
Series statement U. S. Office of education. Vocational division bulletin
Volume/sequential designation no. 223. Occupational information and guidance series no. 10
501 ## - WITH NOTE
With note With : The worker, his job, and his government / United States. Office of Education. Washington : Govt. Print. Off., 1942. Bound together subsequent to publication.
Institution to which field applies DLC
504 ## - BIBLIOGRAPHY, ETC. NOTE
Bibliography, etc. note "Annotated bibliography of reports of community occupational surveys, 1930-1940": p. 143-169. "Selected bibliography on techniques for community occupational surveys": p. 170-175.
650 #0 - SUBJECT ADDED ENTRY--TOPICAL TERM
Topical term or geographic name entry element Occupations.
740 0# - ADDED ENTRY--UNCONTROLLED RELATED/ANALYTICAL TITLE
Uncontrolled related/analytical title Occupational surveys.

No items available.

Powered by Koha